Rita e Gil no circo (Registo nº 1236)

Detalhes MARC
000 -Etiqueta do registo
Cabeçalho 00599nam0a2200241 4500
005 - Identificador da versão
Campo de controlo 20240813121830.0
021 ## - Número do Depósito Legal
Código do país PT
Número 206 573/04
100 ## - Dados gerais de processamento
Dados gerais de processamento 20110114d2004 c y0pory5003 ba
102 ## - Pais de publicação ou produção
País de publicação Portugal
101 1# - Língua de publicação
Língua do texto, banda sonora, etc. Português
Língua do documento no original Francês
106 ## - Campo de dados codificados: material textual
Dados codificados do material textual r
105 ## - Campo de dados codificados: livros
Dados codificados dos livros a z 001yy
215 ## - Descrição física 
Indicação específica da natureza do documento e extensão da espécie 16, [1] p.
Outras indicações físicas il.
Dimensões cm
200 1# - Titulo e menção de responsabilidade
Título próprio Rita e Gil no circo
Primeira menção de responsabilidade Catherine Metzmeyer e Marc Vanenis
225 2# - Colecção 
Título próprio da colecção Rita e Gil
Indicação de volume 3
210 ## - Publicação, Distribuição, etc. 
Lugar da edição, distribuição, etc. Lisboa
Nome do editor, distribuidor, etc. Verbo
Data da publicação, distribuição, etc. 2004
304 ## - Notas relativas a título e menção de responsabilidade 
Texto da nota Tít. orig.:
675 ## - Classificação Decimal Universal (CDU)
Notação 087.5-053.4
Edição BN
Língua da edição por
942 ## - Elementos de entrada adicionados (Koha)
Tipo de item no Koha Livro
Exemplares
Situação do levantamento Origin of item (home branch) (coded) Biblioteca de empréstimo Código de barras Cota Circulation type (not for loan) Tipo de documento Nota do exemplar Damaged status
  Biblioteca Escolar Eng. Nuno Mergulhão Biblioteca Escolar Eng. Nuno Mergulhão BENM2521 8EST MET   Livro Sem mensagem